000
00346nam a2200145Ia 4500
100
_a
Amundsen Micheal/ Smith/Curtis
250
_a
2
942
_c
BK
654
_a
computer
245
_a
Teach Yourself Data base Prog with Visual Basics 5 in 21 days
260
_b
Techmedia
_a
NONE
_c
1997
300
_a
1041
546
_a
ENGLISH
999
_c
21545
_d
21545